Источники низкоэнергетичных электронных пучков с плазменным катодом; Международная конференция "Радиационно-термические эффекты и процессы в неорганических материалах", 22-25 сентября 1998 г., г. Томск

Chi tiết về thư mục
Parent link:Международная конференция "Радиационно-термические эффекты и процессы в неорганических материалах", 22-25 сентября 1998 г., г. Томск.— 1998.— С. 31-32
Tác giả chính: Девятков В. Н.
Tác giả khác: Коваль Н. Н. Николай Николаевич, Щанин П. М.
Ngôn ngữ:Tiếng Nga
Được phát hành: 1998
Những chủ đề:
Định dạng: Chương của sách
KOHA link:https://koha.lib.tpu.ru/cgi-bin/koha/opac-detail.pl?biblionumber=261682

MARC

LEADER 00000naa2a2200000 4500
001 261682
005 20231031221736.0
035 |a (RuTPU)RU\TPU\book\284663 
035 |a RU\TPU\book\247991 
090 |a 261682 
100 |a 20140526d1998 k y0rusy50 ca 
101 0 |a rus 
102 |a RU 
200 1 |a Источники низкоэнергетичных электронных пучков с плазменным катодом  |f В. Н. Девятков, Н. Н. Коваль, П. М. Щанин 
463 1 |0 (RuTPU)RU\TPU\book\8059  |t Международная конференция "Радиационно-термические эффекты и процессы в неорганических материалах", 22-25 сентября 1998 г., г. Томск  |o тезисы докладов  |f Томский политехнический университет  |v С. 31-32  |d 1998  |p 210 с. 
610 1 |a труды учёных ТПУ 
700 1 |a Девятков  |b В. Н. 
701 1 |a Коваль  |b Н. Н.  |c специалист в области электроники  |c профессор Томского политехнического университета, доктор технических наук  |f 1948-  |g Николай Николаевич  |2 stltpush  |3 (RuTPU)RU\TPU\pers\31831 
701 1 |a Щанин  |b П. М. 
801 1 |a RU  |b 63413507  |c 20021017  |g PSBO 
801 2 |a RU  |b 63413507  |c 20140526  |g PSBO 
942 |c BK